• 首页
  • 本馆介绍
  • 公告通知
  • 最新文献
  • 馆藏检索
  • 电子资源
  • 读者导购
  • 参考咨询
  • 我的图书馆
  • 登录
  • 详细信息显示
  • 放入我的书架
  • 预约/预借图书
  • 作者相关作品
  • 分类相关作品
  • 丛书相关作品
  • 出版社相关作品

书目信息

  • 表格格式
  • 工作单格式
  • 卡片格式
题名:
惟妙惟肖!昆虫立体剪纸
    
 
作者: 今森光彦 著 ;张瑜 译
分册:  
出版信息: 郑州   河南科学技术出版社  2018
页数: 87页
开本: 29cm
丛书名:
单 册:
中图分类: TM621.2
科图分类:
主题词: 剪纸--作品集--日本--现代
电子资源:
ISBN: 978-7-5349-6018-5
000 00735nam0 2200241 45
001 012001007058
005 20130301134454.0
010    @a978-7-5349-6018-5@dCNY19.00
100    @a20180313d2018 em y0chiy50 ea
101 1  @achi@cjpn
102    @aCN@b410000
105    @aa z 000yy
106    @ar
200 1  @a惟妙惟肖!昆虫立体剪纸@9wei miao wei xiao ! kun chong li ti jian zhi@b专著@f(日)今森光彦著@g张瑜译
210    @a郑州@c河南科学技术出版社@d2018
215    @a87页@c图@d29cm
300    @a宝库手工
606 0  @a剪纸@x作品集@y日本@z现代
690    @aTM621.2@v5
701  0 @c(日)@a今森光彦@9jin sen guang yan@4著
702  0 @a张瑜@9zhang yu@4译
801  2 @aCN@b上海新华@c20191020
905    @b1132759-62@dTM621.2@e25@f4
    
    惟妙惟肖!昆虫立体剪纸/(日)今森光彦著/张瑜译.-郑州:河南科学技术出版社,2018
    87页:图;29cm
    宝库手工
    
    ISBN 978-7-5349-6018-5:CNY19.00
    
●
相关链接 在E读中查询图书 在五车中查询图书 在当当中查询图书 在豆瓣中查询图书


正题名:惟妙惟肖!昆虫立体剪纸     索取号:TM621.2/25         预约/预借

序号 登录号 条形码 馆藏地/架位号 状态 备注
1 1132759   211327599   第二样本阅览室/ [索取号:TM621.2/25] 在馆    
2 1132760   211327606   第三借阅区/ [索取号:TM621.2/25] 在馆    
3 1132761   211327615   第三借阅区/ [索取号:TM621.2/25] 在馆    
4 1132762   211327624   第三借阅区/ [索取号:TM621.2/25] 在馆    
唐山师范学院图书馆 欢迎您!
大连网信软件有限公司© 版权所有